000 00309nam a22001337a 4500
008 181029b xxu||||| |||| 00| 0 eng d
020 _a0135804736
041 _aeng
080 _a371
100 _a46
101 _aEDU
245 _aMicrocomputers in Reading & Language Arts
_cBalajthy,E
942 _2udc
_cBK
999 _c51042
_d51042